LEADER 01542nam a2200349 a 4500 001 000000124521 003 CaOOAMICUS 005 20110304123729.0 008 110304s2010 it u000 u ita r 020 $z978-88-34-815311* 040 $aPUL$bita 041 0 $aita$aeng 082 04$a341.24 245 03$aIl trattato di Lisbona tra conferme e novità :$bMessina 26-27 giugno 2009 /$ca cura di Claudio Zanghì e Lina Panella. 260 $aTorino :$bG. Giappichelli,$c2010. 300 $a491 p. ;$c24 cm. 500 $aIn testa al front.: Università degli Studi di Messina, Intercenter Messina. 500 $aAtti del convegno del 2009. 504 $aBibliografia in nota. 546 $aTesti in italiano e inglese. 630 04$aTrattato di Lisbona$d(2007).$0(OLS)http://pul/subject/37470 700 1 $aPanella, Lina.$0(OLS)http://pul/name/29002 700 1 $aZanghì, Claudio.$0(OLS)http://pul/name/23917 710 2 $aUniversità degli studi di Messina.$0(OLS)http://pul/name/15854 850 $aPUL 852 $aPUL$W1$xSL Diritto e Scienze Sociali 3$y79$m341. 24 ZANCL 1$j143389$qDDC 21$q $B142423$CPULBib$Z2$F142423 $H116255 $81 941 1 $a9 996 $6020$z978-88-34-815311*$9(OLS)http://pul/number/146545 996 $6082$a341.24$9(OLS)http://pul/classification/508 996 $6245$aIl trattato di Lisbona tra conferme e novità :$bMessina 26-27 giugno 2009$9(OLS)http://pul/title/156969 996 $6260$aTorino :$bG. Giappichelli$9(OLS)http://pul/publisher/49130 LEADER 01396nam a2200313 a 4500 001 000000139480 003 CaOOAMICUS 005 20140725115447.0 008 140725s2014 it u000 u ita r 020 $a978-88-215-9128-0 040 $aPUL$bita 082 04$a264 100 1 $aCostanzo, Alessandra.$0(OLS)http://pul/name/80190 245 10$aCambiare vita :$bepoche, parole e fonti del "fare penitenza" /$cAlessandra Costanzo ; prefazione di Andrea Grillo. 260 $aCinisello Balsamo :$bSan Paolo,$c2014. 300 $a191 p. ;$c22 cm 490 1 $aUniverso teologia. Teologia dogmatica ;$v104 650 4$aTeologia sacramentaria.$0(OLS)http://pul/subject/39537 650 4$aPenitenza.$0(OLS)http://pul/subject/1449 700 1 $aGrillo, Andrea,$d1961-$0(OLS)http://pul/name/32986 830 0$aUniverso teologia.$pTeologia dogmatica ;$v104.$0(OLS)http://pul/title/176578 850 $aPUL 852 $aPUL$W1$xSL Religione 3$y85$m264 COSAL 1$j161117$qDDC 21$B160562$CPULBib$Z2$F160562 $H124505 $82 941 1 $a9 996 $6020$a978-88-215-9128-0$9(OLS)http://pul/number/155879 996 $6082$a264$9(OLS)http://pul/classification/492 996 $6245$aCambiare vita :$bepoche, parole e fonti del "fare penitenza"$9(OLS)http://pul/title/176577 996 $6260$aCinisello Balsamo :$bSan Paolo$9(OLS)http://pul/publisher/54577